Estadísticas para Junta al País con su Capital: Asia

Haz click aquí para intentar la prueba.

Estadísticas generales

  • Esta prueba ha sido intentada 49 veces
  • La puntuación promedio es 35 de 45

Estadísticas de respuestas

HintRespuesta% Correcto
TurquíaAnkara
97%
Corea del NortePionyang
97%
KuwaitKuwait
94%
IndiaNueva Delhi
94%
ChinaPekín
94%
Corea del SurSeúl
94%
SingapurSingapur
94%
JapónTokio
94%
Emiratos Árabes UnidosAbu Dabi
91%
IsraelJerusalén
91%
MongoliaUlán Bator
91%
ChipreNicosia
88%
IndonesiaYakarta
88%
TailandiaBangkok
84%
FilipinasManila
84%
Sri LankaSri Jayawardenapura Kotte
84%
TaiwánTaipéi
84%
AfganistánKabul
81%
IrakBagdad
78%
LíbanoBeirut
78%
SiriaDamasco
78%
CatarDoha
78%
VietnamHanói
78%
PakistánIslamabad
78%
CamboyaNom Pen
78%
Arabia SauditaRiad
78%
KazajistánAstaná
75%
NepalKatmandú
75%
YemenSaná
75%
IránTeherán
75%
BrunéiBandar Seri Begawan
72%
MaldivasMalé
72%
LaosVientián
72%
JordaniaAmán
69%
MalasiaKuala Lumpur
69%
OmánMascate
69%
MyanmarNaypyidó
66%
BangladésDaca
63%
Timor OrientalDili
63%
KirguistánBiskek
59%
ButánTimbu
59%
BaréinManama
56%
UzbekistánTaskent
53%
TurkmenistánAsjabad
50%
TayikistánDusambé
44%

Distribución de puntuación

Porcentaje por número respondido

Porcentaje de gente con cada puntuación

Historial de tus puntuaciones

No has intentado esta prueba.